00575nam a2200157 a 4500008004100000050001800041100002000059245004100079246002500120260002500145300000900170350000900179995008700188999001700275952012500292120416s1990 ||||||||||||||||| || u aHF 5603.6 Arc aArcher, G. S. H10aAccounting as applied social science aan inaugural lecture aWalesbU.C.N.Wc1990 a19p. a0.00 D0.00FCBU-MAIN LIBRARY (Kitwe)H1I0.00M1UAVAILABLEZAnnex Low-Usage Collection  c33308d33308 00102lcc4070a001b001cAnnex Low-Usage Collection d2022-11-30l0oHF 5603.6 Arcp56238r2022-11-30w2022-11-30y002